000 00322nam a2200157Ia 4500
100 _aHetzel/ Bill
250 _a2
942 _cBK
654 _aComputer
245 _aComplete guide to Software testing
260 _bJohn Wiley
_c1984
082 _a5.14
_bHET
300 _a221
546 _aENGLISH
999 _c30604
_d30604